[Event "DEM U14w 2020"]
[Site "Willingen GER"]
[Date "2020.10.21"]
[Round "2"]
[White "Prinzen, Siri Marleen"]
[Black "Zhou, Lepu Coco"]
[Result "0-1"]
[Termination "normal"]
[Board "1"]
[WhiteElo "1712"]
[BlackElo "1872"]
[WhiteClock "00:17:45"]
[BlackClock "01:12:39"]
[PlyCount "96"]
[WhiteFideId "16265912"]
[BlackFideId "16217136"]
[EventCountry "GER"]
[EventRounds "7"]
[EventType "swiss"]
[EventDate "2020.10.19"]

1. e4 {[%clk 1:30:58]} e5 {[%clk 1:30:52]} 2. Nf3 {[%clk 1:31:20]} Nc6 {[%clk
1:31:14]} 3. Bc4 {[%clk 1:31:41]} Be7 {[%clk 1:31:18]} 4. O-O {[%clk 1:31:45]}
d6 {[%clk 1:31:27]} 5. c3 {[%clk 1:29:58]} Nf6 {[%clk 1:30:40]} 6. Re1 {[%clk
1:28:23]} O-O {[%clk 1:30:26]} 7. d3 {[%clk 1:26:26]} Na5 {[%clk 1:30:17]} 8.
Bb5 {[%clk 1:23:48]} a6 {[%clk 1:30:29]} 9. Ba4 {[%clk 1:24:07]} b5 {[%clk
1:30:53]} 10. Bc2 {[%clk 1:24:31]} c5 {[%clk 1:31:16]} 11. d4 {[%clk 1:14:05]}
Qc7 {[%clk 1:28:33]} 12. Nbd2 {[%clk 1:08:30]} Bg4 {[%clk 1:25:28]} 13. d5
{[%clk 1:05:37]} c4 {[%clk 1:23:30]} 14. Nf1 {[%clk 1:03:50]} Nb7 {[%clk
1:19:32]} 15. h3 {[%clk 1:03:41]} Bc8 {[%clk 1:16:58]} 16. Be3 {[%clk 0:51:33]}
a5 {[%clk 1:15:34]} 17. a4 {[%clk 0:45:26]} b4 {[%clk 1:14:31]} 18. cxb4 {[%clk
0:43:35]} axb4 {[%clk 1:14:47]} 19. Qc1 {[%clk 0:42:06]} Nc5 {[%clk 1:10:54]}
20. Bxc5 {[%clk 0:40:38]} dxc5 {[%clk 1:09:36]} 21. Ne3 {[%clk 0:38:17]} Ba6
{[%clk 1:07:26]} 22. Nf5 {[%clk 0:35:44]} Ne8 {[%clk 1:07:04]} 23. Nxe7+ {[%clk
0:34:09]} Qxe7 {[%clk 1:07:24]} 24. Qe3 {[%clk 0:34:25]} b3 {[%clk 1:05:36]}
25. Bd1 {[%clk 0:34:40]} Bb5 {[%clk 1:05:46]} 26. Bxb3 {[%clk 0:31:25]} cxb3
{[%clk 1:04:20]} 27. axb5 {[%clk 0:31:49]} Rxa1 {[%clk 1:02:20]} 28. Rxa1
{[%clk 0:32:17]} c4 {[%clk 0:57:05]} 29. Qc3 {[%clk 0:30:28]} Nd6 {[%clk
0:55:53]} 30. Qxe5 {[%clk 0:27:11]} Qxe5 {[%clk 0:56:08]} 31. Nxe5 {[%clk
0:27:40]} f6 {[%clk 0:56:18]} 32. Nc6 {[%clk 0:23:42]} Nxb5 {[%clk 0:54:35]}
33. Na5 {[%clk 0:19:38]} Nd6 {[%clk 0:52:05]} 34. Nc6 {[%clk 0:09:06]} Nxe4
{[%clk 0:51:52]} 35. Rc1 {[%clk 0:07:32]} c3 {[%clk 0:51:05]} 36. Nd4 {[%clk
0:04:26]} Rd8 {[%clk 0:41:44]} 37. f3 {[%clk 0:02:47]} cxb2 {[%clk 0:40:52]}
38. Rb1 {[%clk 0:02:51]} Rxd5 {[%clk 0:41:12]} 39. fxe4 {[%clk 0:01:48]} Rxd4
{[%clk 0:41:29]} 40. Rxb2 {[%clk 0:02:12]} Rd3 {[%clk 0:41:04]} 41. Kf2 {[%clk
0:01:13]} Rc3 {[%clk 0:41:18]} 42. Ke2 {[%clk 0:00:58]} Kf7 {[%clk 0:41:34]}
43. Kd2 {[%clk 0:01:04]} Rg3 {[%clk 0:41:56]} 44. Kc1 {[%clk 0:00:54]} Ke6
{[%clk 0:42:04]} 45. Re2 {[%clk 0:29:24]} Ke5 {[%clk 1:12:04]} 46. Kd1 {[%clk
0:27:15]} Rc3 {[%clk 1:12:14]} 47. h4 {[%clk 0:20:12]} Kd4 {[%clk 1:12:29]} 48.
g4 {[%clk 0:17:45]} Re3 {[%clk 1:12:39]} 0-1

[Event "DEM U14w 2020"]
[Site "Willingen GER"]
[Date "2020.10.21"]
[Round "2"]
[White "Pohle, Saskia"]
[Black "Wagner, Margarethe"]
[Result "1/2-1/2"]
[Termination "normal"]
[Board "3"]
[WhiteElo "1749"]
[BlackElo "1804"]
[WhiteClock "00:09:02"]
[BlackClock "00:04:39"]
[PlyCount "85"]
[WhiteFideId "16201604"]
[BlackFideId "16236947"]
[EventCountry "GER"]
[EventRounds "7"]
[EventType "swiss"]
[EventDate "2020.10.19"]

1. e4 {[%clk 1:30:30]} c5 {[%clk 1:30:59]} 2. Nf3 {[%clk 1:31:22]} d6 {[%clk
1:31:21]} 3. d4 {[%clk 1:31:48]} cxd4 {[%clk 1:31:46]} 4. Nxd4 {[%clk 1:32:12]}
Nf6 {[%clk 1:32:07]} 5. Nc3 {[%clk 1:32:36]} a6 {[%clk 1:32:32]} 6. h3 {[%clk
1:32:53]} e5 {[%clk 1:30:51]} 7. Nb3 {[%clk 1:33:15]} Be7 {[%clk 1:30:39]} 8.
Be3 {[%clk 1:33:32]} Be6 {[%clk 1:29:26]} 9. f4 {[%clk 1:33:23]} exf4 {[%clk
1:27:50]} 10. Bxf4 {[%clk 1:33:43]} Nc6 {[%clk 1:27:35]} 11. Qe2 {[%clk
1:31:42]} Ne5 {[%clk 1:24:12]} 12. O-O-O {[%clk 1:31:30]} Qc7 {[%clk 1:22:42]}
13. g4 {[%clk 1:29:40]} h6 {[%clk 1:16:39]} 14. Qg2 {[%clk 1:28:13]} b5 {[%clk
1:11:11]} 15. Nd5 {[%clk 1:23:50]} Bxd5 {[%clk 1:08:42]} 16. exd5 {[%clk
1:24:13]} Nfd7 {[%clk 1:02:23]} 17. Nd4 {[%clk 1:20:59]} Ng6 {[%clk 0:48:27]}
18. Bg3 {[%clk 1:16:28]} Nde5 {[%clk 0:45:19]} 19. h4 {[%clk 1:11:27]} Bf6
{[%clk 0:40:19]} 20. Kb1 {[%clk 1:04:32]} Rc8 {[%clk 0:33:54]} 21. Re1 {[%clk
1:01:36]} Kf8 {[%clk 0:33:03]} 22. Rc1 {[%clk 0:47:00]} Nc4 {[%clk 0:26:05]}
23. Bxc4 {[%clk 0:44:30]} bxc4 {[%clk 0:24:32]} 24. Nc6 {[%clk 0:42:27]} c3
{[%clk 0:22:14]} 25. b3 {[%clk 0:39:47]} Ne5 {[%clk 0:19:49]} 26. g5 {[%clk
0:37:55]} Be7 {[%clk 0:16:32]} 27. Bxe5 {[%clk 0:37:03]} dxe5 {[%clk 0:16:49]}
28. Qg3 {[%clk 0:36:22]} Qd6 {[%clk 0:14:03]} 29. Rcd1 {[%clk 0:34:31]} f6
{[%clk 0:13:05]} 30. gxf6 {[%clk 0:32:06]} Bxf6 {[%clk 0:13:03]} 31. Qxc3
{[%clk 0:32:00]} e4 {[%clk 0:12:48]} 32. Qe3 {[%clk 0:26:00]} Re8 {[%clk
0:10:53]} 33. c4 {[%clk 0:23:03]} Qa3 {[%clk 0:10:37]} 34. Nd4 {[%clk 0:21:34]}
a5 {[%clk 0:10:25]} 35. Qc1 {[%clk 0:19:13]} Qc5 {[%clk 0:09:28]} 36. Ne6+
{[%clk 0:19:22]} Rxe6 {[%clk 0:09:48]} 37. dxe6 {[%clk 0:19:42]} Qe5 {[%clk
0:08:57]} 38. Qa3+ {[%clk 0:18:02]} Kg8 {[%clk 0:08:44]} 39. Rh3 {[%clk
0:15:41]} e3 {[%clk 0:07:47]} 40. Rhh1 {[%clk 0:07:48]} Qa1+ {[%clk 0:05:33]}
41. Kc2 {[%clk 0:08:13]} Qc3+ {[%clk 0:05:45]} 42. Kb1 {[%clk 0:08:37]} Qa1+
{[%clk 0:04:39]} 43. Kc2 {[%clk 0:09:02]} 1/2-1/2